El periódico azteca
Tallennettuna:
| Päätekijät: | , , |
|---|---|
| Aineistotyyppi: | Kirja |
| Kieli: | espanja |
| Julkaistu: |
Barcelona
B
1998
|
| Aiheet: | |
| Tagit: |
Lisää tagi
Ei tageja, Lisää ensimmäinen tagi!
|
MARC
| LEADER | 00000nam a2200000 a 4500 | ||
|---|---|---|---|
| 001 | UCN8777 | ||
| 003 | CL-VaPUC | ||
| 008 | 011116e19980000SP |||||||||||||||||spa|d | ||
| 082 | 0 | 4 | |a 972.018 |b STE |2 21 |
| 100 | 0 | |a Steele, Philip |e author |9 465250 | |
| 700 | 0 | |a Bateman, Penny |e author |9 465251 | |
| 700 | 0 | |a Rosso, Norma |e author |9 465252 | |
| 245 | 1 | 3 | |a El periódico azteca |
| 300 | |a 32 p | ||
| 942 | |c BK | ||
| 945 | |d 20011116 00:00:00 |a crobeson | ||
| 260 | |a Barcelona |b B |c 1998 | ||
| 650 | 7 | |a IMPERIO AZTECA |2 CL-VaPUC |9 452299 | |
| 650 | 7 | |a AZTECAS - MATERIAL DIDACTICO |2 CL-VaPUC |9 465253 | |
| 651 | 0 | |a México |9 255269 | |
| 583 | |a last modification |c 20011116 00:00:00 |k Rodrigo Vera | ||
| 999 | |c 298528 |d 298526 | ||
| 952 | |0 0 |1 0 |4 0 |6 972_018000000000000_STE_1998 |7 0 |8 A |9 354151 |a BIBHIS |b BIBHIS |d 2019-11-21 |i 3744566 |o 972.018 STE 1998 |p 3744566 |r 2025-01-20 |w 2019-11-21 |y BK |k HIS | ||